000 00684nam a2200229 a 4500
008
020 _a1595800239 (pbk.)
049 _aMAIN
090 _aLA227.4
_bPLE
100 1 _aPletka, Bob.
245 1 0 _aEducating the net generation :
_bhow to engage students in the the 21st century /
_cBob Pletka.
250 _a2nd ed.
260 _aNew York :
_bSanta Monica Press LLC,
_c2007.
300 _a164 p. :
_bill. ;
_c24 cm.
500 _aIncludes bibliographical references
650 1 _aEducation
907 _a.b10263135
_b03-08-09
_c04-06-09
003
005 20230123124937.0
040 _cNUST
942 _cBOOKS
_kLA227.4
_mPLE
999 _c133000
_d133000